College writing : From paragraph to essay

Enregistré dans:
Détails bibliographiques
Auteur principal: Zemach, Dorothy E.
Format: Livre
Langue:Undetermined
Publié: Oxford MacMillan 2003
Sujets:
Tags: Ajouter un tag
Pas de tags, Soyez le premier à ajouter un tag!
Thư viện lưu trữ: Trung tâm Học liệu Trường Đại học Cần Thơ
LEADER 00561nam a2200217Ia 4500
001 CTU_94060
008 210402s9999 xx 000 0 und d
020 |c 126000 
082 |a 428 
082 |b Z53 
100 |a Zemach, Dorothy E. 
245 0 |a College writing : 
245 0 |b From paragraph to essay 
245 0 |c Dorothy E. Zemach, Lisa A. Rumisek 
260 |a Oxford 
260 |b MacMillan 
260 |c 2003 
650 |a English language 
650 |x Writting 
904 |i Vương 
980 |a Trung tâm Học liệu Trường Đại học Cần Thơ